Synopses of computer integrated manufacturing : projects and exploratory actions

Αποθηκεύτηκε σε:
Λεπτομέρειες βιβλιογραφικής εγγραφής
Συλλογικό Έργο: European Strategic Programme of Research and Development in Information Technology, Commission of the European Communities. Directorate-General for Telecommunications, Information Industries, and Innovation
Μορφή: Βιβλίο
Γλώσσα:English
Δημοσίευση: Brussels : Commission of the European Communities, 1990
Θέματα:
Ετικέτες: Προσθήκη ετικέτας
Δεν υπάρχουν, Καταχωρήστε ετικέτα πρώτοι!

MARC

LEADER 00000cam a2200000 i 4500
001 1/25572
008 020701s1990 eng d
035 |l 10068090 
040 |a GR-MY-UA  |b gre  |e aacr 
041 0 |a eng 
082 0 |a 670.285 
245 1 0 |a Synopses of computer integrated manufacturing :  |b projects and exploratory actions /  |c European Strategic Programme for Research and Development in Information Technology; Commission of the European Communities. Directorate General XIII: Telecommunications, Information Industries and Innovation 
246 3 3 |a Computer integrated manufacturing 
260 |a Brussels :   |b Commission of the European Communities,   |c 1990 
300 |a xxi, 259 p. 
500 |a Volume 6 of a series of 8 
500 |a III/292/90 
504 |a Includes indexes 
650 0 0 |a Computer integrated manufacturing systems. 
650 0 0 |a CAD/CAM systems. 
650 0 0 |a Information technology. 
650 0 0 |a Electronic data processing. 
650 0 0 |a Manufacturing industries  |x Technological innovations. 
710 2 |a European Strategic Programme of Research and Development in Information Technology. 
710 2 |a Commission of the European Communities.   |b Directorate-General for Telecommunications, Information Industries, and Innovation. 
852 |a INST  |b CHIOS  |e 20020701  |h 670.285 EUR  |p 005200019696  |q 005200019696  |t BK  |y 0 
901 |a BIBL2-2002-2 
909 |a Χ  |b 100020 
970 |a ΣΑΛΑΜΟΥΡΑ  |b ΜΑΡΙΑ  |z 2002/07/01